000 00493nam a2200181Ia 4500
005 20250326123812.0
008 250326s9999 xx 000 0 und d
037 _aTextbook
040 _aFMSL
_beng
_cFMSL
041 _aeng
_2eng
084 _aS:7 K5;8
_qFMSL
100 _aThorpe L P
245 0 _aPersonality: interdisciplinary approach
_cThorpe L P
260 _aNew Jersey
_bNew Jersey, DVN
_c1965
300 _a368p
942 _cTB
_hS:7 K5;8
999 _c1271020
_d1271020